Language Quiz

Random Language Quiz

Medical Terminology: Lesson 4 Quiz Stats

 Plays Quiz not verified by Sporcle

Challenge
Share
Tweet
Embed
Score 0/32 Timer 10:00
0 Plays Today
Combining Form Meaning % Correct
Rhin-nose
87.7%
Path-disease
77.9%
Ot-ear
71.3%
Kines(i)-movement
66.4%
Aut-self
63.9%
orth-straight
63.9%
Kine-Move
55.7%
Graph-to record
54.9%
Ten-/Tenon(t)-tendon
54.1%
Gram-a record
53.3%
Pyr-Fever
47.5%
Ly(s)-destroy
45.9%
Phil-love
43.4%
Pyret-fever
43.4%
Crin-secrete
40.2%
Esthe(s)-sensation
38.5%
Combining Form Meaning % Correct
Tom-incision
36.9%
Iatr-healer
36.1%
Myx-mucus
33.6%
Pyrex-be feverish
30.3%
Tel-end
30.3%
Rhex-rupture
27%
Scop-look at
27%
Therap(eu)-treat medically
26.2%
Gen(e)-/-gencome into being
25.4%
Rhag-flow profusely
23.8%
Ton-muscle tone
23.8%
Rhe-flow
23%
Sep-be infected
21.3%
Ta-Stretching
21.3%
Pt-fall
19.7%
Idi-of one's self
12.3%

You're not logged in!

Compare scores with friends on all Sporcle quizzes.
OR
Log In

You Might Also Like...

Show Comments

Extras

Top Quizzes Today


Score Distribution

Your Account Isn't Verified!

In order to create a playlist on Sporcle, you need to verify the email address you used during registration. Go to your Sporcle Settings to finish the process.

Report this User

Report this user for behavior that violates our Community Guidelines.

Details: